De utopías y realidades: 1995-1998
Gespeichert in:
| 1. Verfasser: | |
|---|---|
| Format: | Text |
| Veröffentlicht: |
San José:
Eidos
|
| Schlagworte: | |
| Tags: |
Tag hinzufügen
Keine Tags, Fügen Sie den ersten Tag hinzu!
|
MARC
| LEADER | 00000 a a2200000 04500 | ||
|---|---|---|---|
| 001 | 10345 | ||
| 003 | |||
| 040 | |||
| 090 | |a 135900 | ||
| 100 | |a Altmann Borbón, Josette | ||
| 245 | |a De utopías y realidades: 1995-1998 | ||
| 260 | |a San José: |b Eidos | ||
| 300 | |a 295 p. | ||
| 650 | |a NIÑOS | ||
| 650 | |a JUVENTUD | ||
| 650 | |a MUJERES | ||
| 650 | |a EDUCACION | ||
| 650 | |a VIOLENCIA | ||
| 650 | |a POLITICA INTERNACIONAL | ||
| 650 | |a POLITICA | ||
| 650 | |a OPINION | ||
| 999 | |c 10880 |d 10880 | ||
